| 000 | 00569nam a2200157 i 4500 | ||
|---|---|---|---|
| 001 | 149485 | ||
| 003 | ES-MaACL | ||
| 007 | t| | ||
| 008 | 071023s1974 sp ||||1| spa d | ||
| 100 | 1 |
_aVázquez de Abarrategui, José. _9113410 |
|
| 245 | 1 | 0 |
_aTelevisión _b: curso fundamental / _cJosé Vázquez de Abarrategui con la colaboración de José Mª Vázquez de Iribarren. |
| 260 |
_aBarcelona : _bCedel, _c1974. |
||
| 300 |
_a239 p., 1 gráf. pleg. : _bil. ; _c20 cm. |
||
| 700 | 1 |
_aVázquez de Iribarren, José María. _9113417 |
|
| 852 |
_aES-MaACL _jE-9590 _bR.93942 |
||
| 999 |
_c149485 _d149485 |
||